LEADER 00805nab a2200157 i 4500 001 000000265023 003 CaOOAMICUS 005 20060927000000.0 008 060927n xx uu u0 0und r 013 $a7974 040 $aSeMil$bita 245 10$aTestimoni di speranza :$bvoci e volti dal Sud del mondo. - 85, VII p. - Contiene : Servizio PUM, Pontificia Unione Missionaria. - Titolo principale dalla copertina. 500 $aOTTOBRE 2006. 773 0 $t[2006 : Giugno-Dicembre].$dMilano : PIMEdit, 2006.$w()150905 774 0 $aBiondi, Ciro $tStraordinari nella carità [Editoriale]. - In.$w()305073 996 $6245$aTestimoni di speranza :$bvoci e volti dal Sud del mondo. - 85, VII p. - Contiene : Servizio PUM, Pontificia Unione Missionaria. - Titolo principale dalla copertina.$9(OLS)http://semarc/title/357252 LEADER 00771nam a2200205 i 4500 001 000000209831 003 CaOOAMICUS 005 20221109122522.0 008 120104s1976 it u000 u ita u 013 $a188622 040 $aSeMil$bita 245 13$aIl beneficio di Cristo /$cTommaso Bozza. 300 $a422 p. 490 0 $aUomini e dottrine ;$v22 773 0 $aBozza, Tommaso$tNuovi studi sulla Riforma in Italia.$dRoma : Edizioni di Storia e Letteratura, 1976.$kUomini e dottrine$g1$w()26060 830 0$aUomini e dottrine ;$v22.$0(OLS)http://semarc/title/17157 850 $aSeMil 852 $aSeMil$W1$xVenegono$y1$m3T VI 84$j160282$B160282$CSeMilBibl$Z2$F171299 $81 996 $6245$aIl beneficio di Cristo$9(OLS)http://semarc/title/96595